| 000 | 00620nam a2200205Ia 4500 | ||
|---|---|---|---|
| 003 | OSt | ||
| 005 | 20250901095827.0 | ||
| 008 | 210210b1998 xxu||||| |||| 00| 0 eng d | ||
| 040 | _cAL | ||
| 041 | _aKannada | ||
| 082 | _a398.2K TIPM | ||
| 100 |
_aTIPPESWAMY (G R). _9138298 _dತಿಪ್ಪೇಸ್ವಾಮಿ (ಜಿಆರ್) |
||
| 245 |
_aMudala vaibhava _b ಮೂಡಲ ವೈಭವ |
||
| 260 |
_aBengaluru. _bKarnataka Janapada mattu Yakshagana Akademi., _c1998 |
||
| 300 | _a81 | ||
| 650 |
_aVichara sankirana prabandhagalu _9238035 |
||
| 690 |
_aFolklore _9138299 |
||
| 906 | _a057760 | ||
| 942 |
_2ddc _cBK |
||
| 999 |
_c105266 _d105266 |
||